000 00653nam a2200217 4500
003 OSt
005 20240725011401.0
006 a
008 240725b |||||||| |||| 00| 0 eng d
020 _a9789814296564
040 _aDWCL-Main lib.
_cOC
082 _aCirc. 647.94 Is83f 2010
100 _aIsmail, Ahmed
245 _aFront office management and operations /
260 _aSingapore :
_bCengage Learning Asia Pte Ltd.,
_cc2010.
300 _b304 p. ill. ;
_c23 cm.
504 _aIncludes bibliographical references & index.
650 _a1. Hotel front desk personnel.
650 _a2. Hotel management.
942 _2ddc
_n0
_cBK-CIRC
_kCirc.
999 _c2695
_d2695